| 000 | 00866nam a2200229 4500 | ||
|---|---|---|---|
| 001 | 124039 | ||
| 003 | ES-MaACL | ||
| 005 | 20231220202824.0 | ||
| 007 | t| | ||
| 008 | 070214s1901 sp r ||||1| spa d | ||
| 100 | 1 |
_aRamón y Cajal, Santiago, _d1852-1934 _9226468 |
|
| 245 | 1 | 0 |
_aElementos de histología normal y de técnica micrográfica : _bpara uso de estudiantes / _cpor S. Ramón y Cajal ; con 248 grabados intercalados en el texto. |
| 250 | _a3ª ed. | ||
| 260 |
_aMadrid : _b[s.n.], _c1901 ( _fImp. y Librería de Nicolás Moya) |
||
| 300 |
_aVI, 562 p. : _bil. ; _c24 cm. |
||
| 530 | _aDisponible en formato digital. | ||
| 650 | 4 |
_aHistología. _9164981 |
|
| 650 | 4 |
_aMicroscopía. _915032 |
|
| 852 |
_aES-MaACL _jB-11390 |
||
| 856 |
_uhttp://bdh-rd.bne.es/viewer.vm?id=0000192491&page=1 _zBiblioteca Digital Hispánica |
||
| 999 |
_c124039 _d124039 |
||